| 000 | 00588nam a2200217 a 4500 | ||
|---|---|---|---|
| 005 | 20240925065336.0 | ||
| 008 | 030317s2001 mx r 000 0 spa d | ||
| 020 | _a8482395866 | ||
| 035 | _aUPN01000123024 | ||
| 049 | _aCG | ||
| 050 | 4 |
_aRT87 S4.9 _bJ5.6 |
|
| 100 | 1 | _aJiménez Martínez, Luis Angel | |
| 245 | 1 | 0 |
_a¿Quieres que hablemos de sexo? / _cLuis Angel Jiménez Martínez. |
| 260 |
_aMadrid : _bPalabra, _c2001. |
||
| 300 | _a76 p. | ||
| 440 | 0 |
_aJuvenil mc ; _v211 |
|
| 650 | 2 |
_aSexualidad _97977 |
|
| 650 | 4 |
_aSEXO Y RELIGION _924697 |
|
| 902 | _a/mva | ||
| 905 | _aLibro | ||
| 999 |
_c95205 _d95205 |
||